000 00588nam a2200181 a 4500
008 120416s1993 ||||||||||||||||| || u
020 _a0435686682
050 _aQC 21.2 Nel
100 _aNelkon, Michael
245 1 0 _aAdvanced level physics. (6th ed.)
250 _a6th ed.
260 _aLondon:
_bHeinemann
_c1993
300 _axiii, 942p. : ill.
350 _a0.00
650 0 _aPHYSICS
650 _aPHYSICS--STUDY AND TEACHING
995 _D0.00
_FCBU-MAIN LIBRARY (Kitwe)
_H1
_I0.00
_M1
_UAVAILABLE
_WMay 18, 2007
_ZShort Loan Collection
999 _c33563
_d33563